000 01160nam0a22003011 4500
001 rc\4148825
005 20250611110749.0
021 _aRU
_b[54-32123]
035 _a(NLR Aleph) 008168337
090 _a7838287
_c7838287
100 _a20130415d1954 |||y0rusy50 ca
101 0 _arus
102 _aRU
105 _ay z |||||
200 1 _aВыращивание махорки в передовом колхозе ["Путь к коммунизму" Петропавловского района]
210 _aБарнаул
_cАлт. кн. изд-во
_d1954
215 _a36 с.
_d20
225 1 _aПередовой опыт в сельском хозяйстве
300 _aПеред загл. авт.: И. Степаненко, С. Созоненко, С. Сгибнев. На обл. авт. не указаны
606 _aМахорка
_xВозделывание
_yАлтайский край
_2psbo
700 1 _aСтепаненко
_bИ.
701 1 _aСозоненко
_bС.
701 1 _aСгибнев
_bС.
801 0 _aRU
_bNLR
_gpsbo
801 1 _aRU
_bELAR
_2rusmarc
852 _aNLR
_jС50 Г-4/3864
942 _cBOOK
980 _aNB